000 00849cam a22002413a 4500
001 1717
003 PGUSA
005 20140828083005.0
008 990401s1999||||xxu|||||s|||||000 | eng d
040 _aPGUSA
_beng
042 _adc
050 4 _aHN
100 1 _aChesterton, G. K.
_q(Gilbert Keith),
_d1874-1936
245 1 0 _aWhat's Wrong with the World
_h[electronic resource] /
_cG. K. Chesterton
260 _bProject Gutenberg,
_c1999
505 0 _aThe homelessness of man -- Imperialism, or the mistake about man -- Feminism, or the mistake about woman -- Education, or the mistake about the child -- The home of man -- Three notes.
506 _aPublic domain in the USA.
516 _aElectronic text
653 _aSocial problems
830 0 _aProject Gutenberg
_v1717
856 4 0 _uhttp://www.gutenberg.org/ebooks/1717
942 _cEB
999 _c231063
_d231063